Statistiques concernant Filmographie Dwayne Johnson

Cliquez ici pour prendre le quiz!

Statistiques générales

  • Ce quiz a été pris 23 fois
  • Le résultat moyen est 15 sur 46

Statistiques - réponses

Année de sortieFilm% Correct
2013Fast and Furious 6
89%
2015Fast and Furious 7
89%
2017Fast and Furious 8
89%
2011Fast and Furious 5
84%
2017Jumanji : Bienvenue dans la jungle
84%
2019Jumanji : Next Level
68%
2018Rampage : Hors de contrôle
63%
2019Fast and Furious : Hobbs and Shaw
58%
2023Fast and Furious X
58%
2002Le Roi Scorpion
53%
2017Baywatch : Alerte à Malibu
47%
2022Black Adam
47%
2015San Andreas
47%
2021Red Notice
37%
2012Voyage au centre de la Terre 2
37%
2013G.I. Joe : Conspiration
32%
2021Jungle Cruise
32%
2013No Pain No Gain
32%
2018Skyscraper
32%
2003Bienvenue dans la jungle
26%
2010Faster
26%
2014Hercule
26%
2001Le Retour de la momie
26%
2016Vaiana, La Légende du bout du monde
26%
2016Agents presque secrets
21%
2005Doom
21%
2010Very Bad Cops
21%
2010Fée malgré lui
16%
2022Krypto et les Super-Animaux
16%
2007Maxi papa
16%
2006Rédemption
16%
2004Tolérance zéro
16%
2019Une famille sur le ring
16%
2007Alerte à Miami : Reno 911 !
11%
2005Be Cool
11%
2013Empire State
11%
2010Encore toi !
11%
2021Free Guy
11%
2013Infiltré
11%
2015Jem et les Hologrammes
11%
2009La Montagne ensorcelée
11%
2001Longshot
11%
2008Max la Menace
11%
2009Planète 51
11%
2010Pourquoi je me suis marié aussi ?
11%
2006Southland Tales
11%

Distribution des résultats

Percentile par nombre de réponses

% des personnes avec chaque résultat

Votre développement - résultats

Vous n’avez pas pris ce quiz